| 000 | 00397nam a22001697a 4500 | ||
|---|---|---|---|
| 003 | SGT | ||
| 020 | _a9789356961067 | ||
| 082 |
_a616.0757 _bP23T |
||
| 100 | _aTHAYALAN, KUPPUSAMY | ||
| 245 | _aTHE PHYSICS OF RADIATION ONCOLOGY | ||
| 250 | _a1ST | ||
| 260 |
_aINDIA _bJAYPEE PUB _c2023 |
||
| 300 | _a567 | ||
| 650 | _aRADIOLOGY | ||
| 653 | _a PHYSICS RADIATION ONCOLOGY | ||
| 942 |
_2ddc _cBK |
||
| 999 |
_c25432 _d25432 |
||